Statistics for CH Cities of North America - Map Quiz

Click here to take the quiz!

General Stats

  • This quiz has been taken 17 times
  • The average score is 12 of 16

Answers on the Map

Answers color-coded by a green-red scale on the quiz's map according to % correct below.
 

Answer Stats

Answer% Correct
Charleston
93%
Cheyenne
93%
Chicago
93%
Chihuahua
93%
Charlotte
86%
Charlottesville
86%
Chattanooga
79%
Chilpancingo
71%
Chula Vista
71%
Churchill
71%
Channel-Port aux Basques
64%
Chatham-Kent
64%
Charlottetown
57%
Chetumal
57%
Chico
57%
Chilliwack
43%

Score Distribution

Percentile by Number Answered

Percent of People with Each Score

Your Score History

You have not taken this quiz